Comuni del Friuli Venezia Giulia con la lettera C - Statistics

Statistiche generali
  • Questo quiz è stato fatto 37 volte
  • Il punteggio medio è 17 su 29
Statistiche sulle risposte
COMUNE PROVINCIA % Corretto
Codroipo Udine
82%
Cordenons Pordenone
82%
Cormons Gorizia
82%
Cividale Udine
73%
Casarsa Pordenone
70%
Cervignano Udine
67%
Claut Pordenone
64%
Carlino Udine
61%
Cimolais Pordenone
61%
Clauzetto Pordenone
61%
Cassacco Udine
58%
Chions Pordenone
58%
Comeglians Udine
58%
Corno di Rosazzo Udine
58%
Campoformido Udine
55%
Caneva Pordenone
55%
Cavazzo Udine
55%
Camino al Tagliamento Udine
52%
Capriva Gorizia
52%
Chiusaforte Udine
52%
Castions Udine
48%
Cercivento Udine
48%
Cordovado Pordenone
48%
Cavasso Pordenone
45%
Campolongo Tapogliano Udine
42%
Castelnovo Pordenone
42%
Chiopris-Viscone Udine
42%
Colloredo Udine
42%
Coseano Udine
42%
Nessun quiz corrispondente trovato
Distribuzione punteggi
Percentuale di utenti per punteggio
Percentile per numero di risposta
I tuoi punteggi nel tempo
Non hai fatto questo quiz